000 00970nas a2200349 4500
001 BR0306081
003 BR-BrBNA
005 20231205104228.0
007 ta
008 230509b bl.|||p| |||| 00| 00por d
040 _aBR-BrBNA
_bpor
_cBiblioteca Nacional de Agricultura
041 _a(Pt)
072 _aH10
100 1 _aBavaresco, A.
100 1 _aGarcia, M.S.
100 1 _aGrützmacher, A.D.
100 1 _aForesti, J.
100 1 _aRingenberg, R.
245 1 _aBiologia comparada de Spodoptera cosmioides (Walk.)(Lepidoptera:Noctuidae)em cebola, mamona, soja e feijão
650 _aMAMONA
650 _aSOJA
650 _aFEIJÃO
650 _aCEBOLA
650 _aLAGARTA
650 _aHOSPEDEIRO
650 _aINSETO
650 _aLARVA
650 _aBIOLOGIA
773 0 _tCiência Rural (Brazil)
_xISSN 0103-8478
_g(Nov-Dec 2003), v. 33(6) p. 993-998
_wBR0306081
909 _a202311
_bLúcia
_c55
_dLúcia Elande
942 _2AGRIS
_n0
_cANA
999 _c177049
_d177049